[Event "Medjimurje Cup"]
[Site "Croatia "]
[Date "2020.02.16"]
[Round "2.3"]
[White "Stampar, Jakov"]
[Black "Pilic, Fran Krsto"]
[Result "1-0"]
[WhiteElo "1421"]
[BlackElo "1462"]
[PlyCount "70"]
[EventDate "2020.02.09"]
[EventType "team-swiss"]
[EventRounds "6"]
[EventCountry "CRO"]
[SourceTitle "CBM 195 Extra"]
[Source "ChessBase"]
[SourceDate "2020.05.31"]
[SourceVersion "1"]
[SourceVersionDate "2020.05.31"]
[SourceQuality "1"]

1. d4 Nf6 2. Bf4 e6 3. Nc3 Be7 4. e3 d5 5. Nf3 Bd7 6. Ne5 Bd6 7. Qf3 Nc6 8. Nxd7 Qxd7 9. 0-0-0 0-0-0 10. g4 h6 11. Bd3 g5 12. Bxd6 Qxd6 13. Qxf6 Qf8 14. h4 gxh4 15. Rxh4 a6 16. Rdh1 Rd6 17. Rxh6 Rg8 18. Rh8 e5 19. Rxg8 Qxg8 20. Qh8 Qxh8 21. Rxh8+ Kd7 22. dxe5 Nxe5 23. Bf5+ Kc6 24. Rh3 b5 25. f4 Nc4 26. Ne2 Kb7 27. g5 Rd8 28. b3 Nd6 29. Ng3 Re8 30. Kd2 c5 31. Rh6 Kc7 32. g6 fxg6 33. Rxg6 c4 34. Rg7+ Kb8 35. Rd7 c3+ 1-0

[Event "Medjimurje Cup"]
[Site "Croatia "]
[Date "2020.02.09"]
[Round "1.3"]
[White "Bedic, Milivoj"]
[Black "Stampar, Jakov"]
[Result "0-1"]
[WhiteElo "1712"]
[BlackElo "1421"]
[PlyCount "70"]
[EventDate "2020.02.09"]
[EventType "team-swiss"]
[EventRounds "6"]
[EventCountry "CRO"]
[SourceTitle "CBM 195 Extra"]
[Source "ChessBase"]
[SourceDate "2020.05.31"]
[SourceVersion "1"]
[SourceVersionDate "2020.05.31"]
[SourceQuality "1"]

1. e4 c6 2. Nc3 d5 3. exd5 cxd5 4. Bb5+ Bd7 5. Bxd7+ Qxd7 6. Nf3 e6 7. 0-0 Bd6 8. b3 Ne7 9. Bb2 0-0 10. Re1 b5 11. a4 b4 12. Nb5 Nbc6 13. Nxd6 Qxd6 14. Ng5 h6 15. Nh3 Ng6 16. Qg4 e5 17. Re3 f5 18. Qh5 Rae8 19. Rae1 Re6 20. Kh1 a5 21. f4 e4 22. Rg3 d4 23. Rf1 Nce7 24. Qe2 Rc8 25. Rc1 d3 26. cxd3 Rxc1+ 27. Bxc1 exd3 28. Qf1 Nxf4 29. Ng1 Neg6 30. Rf3 Re4 31. Rf2 Qe6 32. Nf3 Ne5 33. Qd1 Ng4 34. Rf1 Re2 35. g3 Qe4 0-1

[Event "CRO-ch U13"]
[Site "Trogir"]
[Date "2019.06.22"]
[Round "9"]
[White "Vucenovic, Damian"]
[Black "Stampar, Jakov"]
[Result "1-0"]
[WhiteElo "1862"]
[BlackElo "1415"]
[PlyCount "45"]
[EventDate "2019.06.17"]
[EventType "swiss"]
[EventRounds "9"]
[EventCountry "CRO"]
[SourceTitle "EXT 2020"]
[Source "ChessBase"]
[SourceDate "2019.10.17"]
[SourceVersion "1"]
[SourceVersionDate "2019.10.17"]
[SourceQuality "1"]

1. e4 c6 2. d4 d5 3. exd5 cxd5 4. Bd3 e6 5. Nf3 Nf6 6. 0-0 Be7 7. Re1 0-0 8. c3 Nbd7 9. Bg5 Nb6 10. Nbd2 Ne8 11. Bxe7 Qxe7 12. Ne5 Nd6 13. Re3 f5 14. Qb3 Bd7 15. Rae1 Rf6 16. R3e2 Rh6 17. c4 dxc4 18. Ndxc4 Ndxc4 19. Bxc4 Qd6 20. h3 Nxc4 21. Qxc4 Rc8 22. Qb3 Bc6 23. Nxc6 1-0